| 000 | 00000nam 2200000zi 4500 |
| 001 | 9.934274 |
| 003 | CaOODSP |
| 005 | 20250106093337 |
| 006 | m o d f |
| 007 | cr mn||||||||| |
| 008 | 240221e198103##oncab ob f000 0 eng d |
| 040 | |aCaOODSP|beng|erda|cCaOODSP |
| 043 | |an-cn---|an-us-ca |
| 086 | 1 |aId32-14/1981E-PDF |
| 245 | 04|aThe market potential for selected Canadian manufactured wood products in Southern California / |cprepared for the Department of Industry, Trade and Commerce [by] Peter Louch & Associates. |
| 264 | 1|aOttawa, Ontario : |bGovernment of Canada, Industry, Trade and Commerce = Gouvernement du Canada, Industrie et commerce, |cMarch 1981. |
| 300 | |a1 online resource (128 pages) : |billustration, map |
| 336 | |atext|btxt|2rdacontent |
| 337 | |acomputer|bc|2rdamedia |
| 500 | |aIssued also in French under title: Débouchés pour certains produits canadiens de bois ouvré en Californie du Sud. |
| 500 | |a"Market studies of United States"--Cover. |
| 500 | |aDigitized edition from print [produced by Innovation, Science and Economic Development Canada]. |
| 504 | |aIncludes bibliographical references. |
| 650 | 0|aForest products industry|zCanada. |
| 650 | 0|aMarket surveys|zCalifornia, Southern. |
| 651 | 0|aCanada|xCommerce|zCalifornia, Southern. |
| 710 | 1 |aCanada. |bIndustry, Trade and Commerce, |eissuing body. |
| 710 | 2 |aPeter Louch & Associates, |econsultant. |
| 775 | 08|tDébouchés pour certains produits canadiens de bois ouvré en Californie du Sud / |w(CaOODSP)9.945773 |
| 856 | 40|qPDF|s1.99 MB|uhttps://publications.gc.ca/collections/collection_2024/isde-ised/Id32-14-1981-eng.pdf |